000 00884nam a2200241Ia 4500
008 130821s1999 xxu gr eng
020 _a0393046702
040 _aCo-BoUCM
_bspa
041 0 0 _aeng
100 1 _aHolmes, Stephen
_d1948-
_9136852
245 1 4 _aThe cost of rights why liberty depends on taxes
_cStephen Holmes y Cass R. Sunstein
250 _a1st ed.
260 _aNueva York (Estados Unidos)
_bW.W. Norton
_cc1999
300 _a255 páginas
504 _aIncluye referencias bibliográficas e índice.
650 0 4 _aCiencia política
_9340
650 0 4 _aDerechos civiles
_zEstados Unidos
_xCostos
_912857
650 0 4 _aHacienda pública
_zEstados Unidos
_916681
650 0 4 _aPolítica de gastos públicos
_zEstados Unidos
_921946
700 1 _aSunstein, Cass R.
_981628
942 _cLIBRO
_a6
_e1
_mH749c
_2DEWEY
_h323.0973
999 _c59503
_d59503